Cacicazgos y nobiliario indígena de la Nueva España /

Resumen de los treinta y cinco cacicazgos indígenas en México. La información que se incluye es la fecha de expedición de la cédula y mercedes y privilegios otorgados. Se incluyen algunos escudos de armas, árboles genealógicos, cédulas reales, armas ofensivas y defensivas, entre otros datos de inter...

Whakaahuatanga katoa

I tiakina i:
Ngā taipitopito rārangi puna kōrero
Kaituhi matua: Fernández de Recas, Guillermo S. (autor)
Ētahi atu kaituhi: Alcalá, Manuel (preliminares) (preliminares)
Hōputu: Pukapuka
Reo:Pāniora
I whakaputaina: México : Biblioteca Nacional de México, Instituto Bibliográfico Mexicano, 1961, c1961
Rangatū:(Biblioteca Nacional de México. Instituto Bibliografico Mexicano ; 5)
Ngā marau:
Ngā Tūtohu: Tāpirihia he Tūtohu
Kāore He Tūtohu, Me noho koe te mea tuatahi ki te tūtohu i tēnei pūkete!

MARC

LEADER 00000nam^a2200000^a^4500
001 000128379
005 20250521000000.0
009 20260310094834.262
037 |a Acervo ITESO - Biblioteca 
041 |a ESP 
082 |a 972. 03  |b FER 
100 |a Fernández de Recas, Guillermo S.  |e (autor) 
245 1 0 |a Cacicazgos y nobiliario indígena de la Nueva España /  |c G.S. Fernández de Recas ;prelim. de M. Alcalá. 
264 4 |a México :  |b Biblioteca Nacional de México, Instituto Bibliográfico Mexicano,  |c 1961, c1961 
300 |a XXVI, 351 p. 
336 |a texto  |b txt  |2 rdacontenido 
337 |a sin mediación  |b n  |2 rdamedio 
338 |a volumen  |b nc  |2 rdasoporte 
440 1 |a (Biblioteca Nacional de México.  |p Instituto Bibliografico Mexicano ;  |v 5) 
520 |a Resumen de los treinta y cinco cacicazgos indígenas en México. La información que se incluye es la fecha de expedición de la cédula y mercedes y privilegios otorgados. Se incluyen algunos escudos de armas, árboles genealógicos, cédulas reales, armas ofensivas y defensivas, entre otros datos de interés. 
649 |a XX 
650 |a Caciquismo -  |z México -  |x Historia -  |y Epoca Colonial, 1517-1821 
650 |a Tenencia de la Tierra -  |z México -  |x Historia -  |y Epoca Colonial, 1517-1821 
650 |a Genealogía -  |z México 
650 |a México -  |x Historia -  |y Epoca Colonial, 1517-1821 
700 |a Alcalá, Manuel  |e (preliminares) 
910 |a Fondo Salvador Reynoso Reynoso 
920 |a Impresos - Libros 
930 |a Fondos Especiales 
905 |a 112 
901 |a 0800010268  |b IT2  |c ESP  |u 20250521 
901 |a 0800010271  |b IT2  |c ESP  |u 20250521 
901 |a 0800010274  |b IT2  |c ESP  |u 20250521 
902 |a https://opac.biblio.iteso.mx/vufind/Record/000128379